| 000 | 00829cam a22002775a 4500 | ||
|---|---|---|---|
| 008 | 161101b xxu||||| |||| 00| 0 eng d | ||
| 020 | _a9780415283038 | ||
| 040 |
_beng _dEG-ScBUE |
||
| 082 | 0 | 4 |
_222 _a302.23 _bNEW |
| 245 | 0 | 0 |
_aNew media language / _bedited by Jean Aichison and Diana M. Lewis. |
| 250 | _a1st ed. | ||
| 260 |
_bRoutledge , _cc. 2003. _aNew York : |
||
| 300 |
_ax, 209 p. : _bill. ; _c24 cm. |
||
| 500 | _aIncludes bibliographical references. | ||
| 590 | _ashima | ||
| 650 | 7 |
_2BUEsh _aMass media |
|
| 651 | _2BUEsh | ||
| 653 | _alanguage | ||
| 653 | _amedia | ||
| 653 | _ainternational communication | ||
| 653 |
_anew media language _bCOMAME _cNovember2016 |
||
| 700 | 1 |
_aAitchison, Jean, _d1938- _eEd. |
|
| 700 | 1 |
_aLewis, Diana M. _eEd. |
|
| 942 | _2ddc | ||
| 999 |
_c22973 _d22945 |
||